| 000 | 00453nam a2200181Ia 4500 | ||
|---|---|---|---|
| 008 | 151202s9999||||xx |||||||||||||| ||und|| | ||
| 082 | _bPNVM-151045 | ||
| 100 | _aELLIOT JAY. | ||
| 245 | _aLEADING APPLE WITH STEVE JOBS. | ||
| 260 | _b"WILEY,." | ||
| 260 | _c2013 | ||
| 300 | _a175 | ||
| 600 | _aELLIOT JAY. | ||
| 630 | _aLEADING APPLE WITH STEVE JOBS. | ||
| 700 | _aELLIOT JAY. | ||
| 730 | _aLEADING APPLE WITH STEVE JOBS. | ||
| 942 | _cBOOK | ||
| 999 |
_c1355132 _d1355129 |
||